00235nam a2200097Ia 4500100002200000654001600022245003700038260003100075082001900106546001200125 aKumbhojkar / G.V  amathematics aProbability and Random Processes bC.Jamnadas&co.aPunec2006 a519.2/KUMbKUM aENGLISH